000 00275cam a2200109ua 4500
082 _a330.1
_bMEY/EL
100 _aMeyers, Albert L .
_91632
245 _aElements of Modern Economics /
260 _aCulcutta :
_bWald press culcutta ,
_c1952.
300 _a452 ; .
942 _cBK
999 _c2264
_d2264